Barron's how to prepare for the Toefl iBT: Test of english as a foreign language internet - based test
Sách hướng dẫn và luyện thi trong kỳ thi Toefl IBT. Những kỹ năng mà thí sinh cần có để đạt được kết quả cao trong kỳ thi.
Gespeichert in:
| 1. Verfasser: | |
|---|---|
| Format: | Buch |
| Sprache: | Undetermined |
| Veröffentlicht: |
Thành phố Hồ Chí Minh
Trẻ
2006
|
| Schlagworte: | |
| Tags: |
Tag hinzufügen
Keine Tags, Fügen Sie den ersten Tag hinzu!
|
| Thư viện lưu trữ: | Trung tâm Học liệu Trường Đại học Cần Thơ |
|---|
| LEADER | 01055nam a2200241Ia 4500 | ||
|---|---|---|---|
| 001 | CTU_118741 | ||
| 008 | 210402s9999 xx 000 0 und d | ||
| 020 | |c 206000 | ||
| 082 | |a 428.0076 | ||
| 082 | |b S532 | ||
| 100 | |a Sharpe, Pamela J. | ||
| 245 | 0 | |a Barron's how to prepare for the Toefl iBT: | |
| 245 | 0 | |b Test of english as a foreign language internet - based test | |
| 245 | 0 | |c Pamela J. Sharpe | |
| 260 | |a Thành phố Hồ Chí Minh | ||
| 260 | |b Trẻ | ||
| 260 | |c 2006 | ||
| 520 | |a Sách hướng dẫn và luyện thi trong kỳ thi Toefl IBT. Những kỹ năng mà thí sinh cần có để đạt được kết quả cao trong kỳ thi. | ||
| 650 | |a English language | ||
| 650 | |x Textbooks for foreign speakers | ||
| 904 | |i Giang | ||
| 910 | |a Sách kèm đĩa CD có số đăng ký cá biệt là: AV.004465, AV.004464, AV.004463, AV.004462, AV.004462, AV.004461, AV.004459, AV.004458, AV.004456, AV.004455, AV.004453 | ||
| 980 | |a Trung tâm Học liệu Trường Đại học Cần Thơ | ||